000 01236nam a2200301 i 4500
003 EG-GICUC
005 20260403152558.0
008 260403s1971 iq ||||fr|||| 00| 0 ara d
040 _a EG-GICUC
_bara
_c EG-GICUC
_d EG-GICUC
_erda
041 _aara
082 0 4 _221
_a343.5
_bح م . م
092 0 4 _221
099 _aLaw1 10 343.5 ح م . م 1971
100 0 _aحميد السعدى
_eمؤلف.
245 1 0 _aمقدمة فى دراسة القانون الدولى الجنائي :
_bمع عرض وتحليل لاحكام محكمة نورمبرج الخاصة بمحاكمة "كبار مجرمي الحرب" /
_cالقاها حميد السعدى بجامعة بغداد.
264 1 _aبغداد :
_bمطلعة المعارف،
_c1971.
300 _a422 صفحة ;
_c24 سم.
336 _2rda content
_atext
337 _2rda media
_aComputer
338 _2rda carrier
_aOnline Resource
504 _aيشتمل على إرجاعات ببليوجرافية.
546 _aالنص باللغة العربية
650 1 _aالقانون الجنائي
650 1 _aالقانون الجنائي الدولي
856 4 0 _uhttps://fll.law.cu.edu.eg/fulltext/bks/B10-07127.pdf
905 _a43
942 _2ddc
_n0
_cBK
_e21
999 _c68539
_d68539